भारत का भूगोल मानचित्रों में / (Record no. 201327)

MARC details
000 -LEADER
fixed length control field 01132nam a22002057a 4500
005 - DATE AND TIME OF LATEST TRANSACTION
control field 20240314162035.0
010 ## - LCCN (DPL NO)
LC control number B-758293-302
020 ## - INTERNATIONAL STANDARD BOOK NUMBER
International Standard Book Number 9789355016898
Terms of availability 450.00
035 ## - SYSTEM CONTROL NUMBER
System control number B-758293-302
037 ## - SOURCE OF ACQUISITION
Source of stock number/acquisition दिव्यंम
082 ## - DEWEY DECIMAL CLASSIFICATION NUMBER
Classification number 000
100 ## - MAIN ENTRY--PERSONAL NAME
Personal name केशरी, अनिल
245 ## - TITLE STATEMENT
Title भारत का भूगोल मानचित्रों में /
Statement of responsibility, etc अनिल केशरी
250 ## - EDITION STATEMENT
Edition statement 8 वां
260 ## - PUBLICATION, DISTRIBUTION, ETC. (IMPRINT)
Place of publication, distribution, etc नई दिल्ली
Name of publisher, distributor, etc एस. चाँद
Date of publication, distribution, etc 2023
270 ## - ADDRESS
Address ब्लोक बी-1.हाउस नं. डी -1, ग्राउंड फ्लोर , मोहन को-ओपरेटिव इंडस्ट्रियल स्टेट
City नई दिल्ली
Postal code 110044
300 ## - PHYSICAL DESCRIPTION
Extent 308 पृ.
Dimensions 27सेमी(अजिल्द)
942 ## - ADDED ENTRY ELEMENTS (KOHA)
Source of classification or shelving scheme Dewey Decimal Classification
Item type Hindi Books
Classification part 915.4
Call number suffix केशरी
Holdings
Withdrawn status Lost status Not for loan Collection code Home library Current library Date acquired Source of acquisition Cost, normal purchase price Full call number Barcode Copy number Cost, replacement price Koha item type
      Non-fiction Andrews Gunj Andrews Gunj 14/03/2024 दिव्यंम /7/24.1.24/202/9.1.24/1.2.24 450.00 915.4 केशरी B-758299 1 450.00 Hindi Books
      Non-fiction Ashok Vihar Ashok Vihar 14/03/2024 दिव्यंम /7/24.1.24/202/9.1.24/1.2.24 450.00 915.4 केशरी B-758295 1 450.00 Hindi Books
      Non-fiction Central Library Central Library 14/03/2024 दिव्यंम /7/24.1.24/202/9.1.24/1.2.24 450.00 915.4 केशरी B-758293 1 450.00 Hindi Books
      Non-fiction Community Library Lodhi Road Community Library Lodhi Road 14/03/2024 दिव्यंम /7/24.1.24/202/9.1.24/1.2.24 450.00 915.4 केशरी B-758302 1 450.00 Hindi Books
      Non-fiction Kasturba Gandhi Marg Kasturba Gandhi Marg 14/03/2024 दिव्यंम /7/24.1.24/202/9.1.24/1.2.24 450.00 915.4 केशरी B-758296 1 450.00 Hindi Books
      Non-fiction Mobile Library Mobile Library 14/03/2024 दिव्यंम /7/24.1.24/202/9.1.24/1.2.24 450.00 915.4 केशरी B-758294 1 450.00 Hindi Books
      Non-fiction R.K.Puram-8 R.K.Puram-8 14/03/2024 दिव्यंम /7/24.1.24/202/9.1.24/1.2.24 450.00 915.4 केशरी B-758298 1 450.00 Hindi Books
      Non-fiction Sarojini Nagar Sarojini Nagar 14/03/2024 दिव्यंम /7/24.1.24/202/9.1.24/1.2.24 450.00 915.4 केशरी B-758297 1 450.00 Hindi Books
      Non-fiction Shahdara Branch Shahdara Branch 14/03/2024 दिव्यंम /7/24.1.24/202/9.1.24/1.2.24 450.00 915.4 केशरी B-758301 1 450.00 Hindi Books
      Non-fiction Vinoba Puri Vinoba Puri 14/03/2024 दिव्यंम /7/24.1.24/202/9.1.24/1.2.24 450.00 915.4 केशरी B-758300 1 450.00 Hindi Books

© Delhi Public Library
Hit Counter
free hit counter